000 00748 a2200217 4500
005 20080901171936.0
008 080901t xxu||||| |||| 00| 0 eng d
010 _aENG-87510
020 _a8181573447
_c120.00
035 _aEN-71043
037 _bDBAD / PUB
082 _a881
100 _aJain, Sugandha
245 _aOf colourful spices in everyday life
_cby Sugandha Jain
260 _aCalcutta
_bWriters Workshop
_c2004
270 _a162/92, Lake Gardens,
_bCalcutta
_e700 045
300 _a84p.
_c22 cm (Hb)
490 _aWriters workshop redbird book
942 _adpl
_cEN
_k881 / JAI
_2ddc
_h881
_mJAI
999 _c6642
_d6642